000 01197cam a2200361 i 4500
999 _c200454573
_d72785
001 200454573
003 TR-AnTOB
005 20260318140640.0
007 ta
008 230928s2023 tu 001 0 tur d
020 _a9789750286483
_q(paperback)
035 _a(TR-AnTOB)200454573
040 _aTR-AnTOB
_beng
_erda
_cTR-AnTOB
041 0 _atur
050 1 4 _aKKX2764
_b.A39 2023
090 _aKKX2764
_b.A39 2023
100 1 _aAkyılmaz, Bahtiyar
_eauthor
_975663
245 1 0 _aTürk idari yargılama hukuku /
_cProf. Dr. Bahtiyar Akyılmaz, Prof. Dr. Murat Sezginer, Prof. Dr. Cemil Kaya.
250 _aGenişletilmiş ve güncellenmiş 9. baskı.
264 1 _aAnkara :
_bSeçkin Yayıncılık,
_c2023.
300 _a912 pages ;
_b25 cm
336 _atext
_btxt
_2rdacontent
337 _aunmediated
_bn
_2rdamedia
338 _avolume
_bnc
_2rdacarrier
490 0 _aSeçkin / Hukuk ;
_v3116
504 _aBIBINDX
650 7 _aİdari yargılama
_zTürkiye
_2etuturkob
_9120820
650 7 _aİdari mahkemeler
_zTürkiye
_2etuturkob
_958420
700 1 _aSezginer, Murat
_eauthor
_973192
700 1 _aKaya, Cemil
_eauthor
_9102731
942 _2lcc
_cBK